Представление документа в формате MARC21

Поле Инд. ПП Название Значение
Тип записи m
Библиографический уровень m
001 Контрольный номер a5abdad2c8f44942b0db428eae1077c6
005 Дата корректировки 20220111160151.1
008 Кодируемые данные 210330|||||||||ru |||||||||||||||||rus||
040 b Код языка каталог. rus
e Правила каталог. PSBO
041 0_ a Код языка текста rus
084 a Индекс другой классификации/Индекс ББК 65.051
090 x Авторский знак С 75
203 a Вид содержания Текст
c Тип средства электронный
245 10 a Заглавие Сравнительный анализ социально-экономического положения регионов Северного экономического района в 2020 году
b Продолж. заглавия статистический сборник : (по оперативным данным) : (код работы 012351010)
c Ответственность Федеральная служба государственной статистики, Территориальный орган Федеральной службы государственной статистики по Мурманской области (Мурманскстат)
h Физич. носитель Электронный ресурс
260 a Место издания Мурманск
c Дата издания 2021
300 a Объем 25 с.
500 a Примечание Электрон. текстовые дан. (1 файл : 1,24 Мб)
500 a Примечание URL: https://elib.mauniver.ru/stat/2021/StatSB_21_02.pdf
500 a Примечание Доступ из локальной сети Мурман. гос. техн. ун-та. - Загл. с титул. экрана
583 x Служебное примечание Полнотекстовые документы
x Служебное примечание Краеведческий каталог
583 1_ x Служебное примечание Статистические сборники
x Служебное примечание Документы по договору
650 04 a Основная рубрика Статистические сборники-Мурманская область
651 _4 a Географическое наименование Архангельская область
651 _4 a Географическое наименование Вологодская область
651 _4 a Географическое наименование Мурманская область
651 _4 a Географическое наименование Республика Карелия
651 _4 a Географическое наименование Ненецкий автономный округ
651 _4 a Географическое наименование Республика Коми
653 0_ a Ключевые слова Рынок труда; Сборники статистические; Северный экономический район; Статистика региональная; Статистические данные 2020 г.; Статистические материалы; Статистические сборники; Региональная экономика; Финансы; Экономическая статистика; Экономические районы Севера; Электронные версии
856 40 u URL https://elib.mauniver.ru/stat/2021/StatSB_21_02.pdf
901 t Тип документа m